Statistics for Brighton & Hove Albion F.C. 2018/2019 Squad

Click here to take the quiz!

General Stats

  • This quiz has been taken 14 times
    (9 since last reset)
  • The average score is 19 of 28

Answer Stats

No.Answer% Correct
7France (FW)Neal Maupay
100%
11Belgium (MF)Leandro Trossard
100%
4Ireland (DF)Shane Duffy
86%
18Australia (MF)Aaron Mooy
86%
1Australia (GK)Mathew Ryan
86%
-England (MAN)Graham Potter
71%
23England (GK)Jason Steele
71%
17England (FW)Glenn Murray
71%
15England (DF)Adam Webster
71%
24Netherlands (MF)Davy Pröpper
71%
27England (GK)David Button
71%
25Israel (FW)Tomer Hemed
71%
21Argentina (DF)Ezequiel Schelotto
71%
30Brazil (DF)Bernardo
71%
8Mali (MF)Yves Bissouma
71%
6England (MF)Dale Stephens
71%
5England (DF)Lewis Dunk
71%
3Cameroon (DF)Gaëtan Bong
71%
22Spain (DF)Martín Montoya
71%
16Iran (FW)Alireza Jahanbakhsh
57%
20England (MF)Solly March
57%
19Colombia (FW)José Izquierdo
57%
13Germany (MF)Pascal Groß
57%
10Romania (FW)Florin Andone
57%
33England (DF)Dan Burn
57%
14Germany (DF)Leon Balogun
43%
9Netherlands (FW)Jürgen Locadia
43%
28Romania (DF)Tudor Băluță
14%

Score Distribution

Percentile by Number Answered

Percent of People with Each Score

Your Score History

You have not taken this quiz since the last reset